Normal view
MARC view
- Haque, Md. Shamsul
Entry Personal Name
001 - CONTROL NUMBER
- control field: 4024
003 - CONTROL NUMBER IDENTIFIER
- control field: OSt
005 - DATE AND TIME OF LATEST TRANSACTION
- control field: 20210308143024.0
008 - FIXED-LENGTH DATA ELEMENTS
- fixed length control field: 210308|| aca||aabn | a|a d
040 ## - CATALOGING SOURCE
- Original cataloging agency: OSt
- Transcribing agency: OSt
100 ## - HEADING--PERSONAL NAME
- Personal name: Haque, Md. Shamsul
670 ## - SOURCE DATA FOUND
- Source citation: Work cat.: (OSt): Haque, Md. Shamsul , Intellectual Property Law , c2007
